000 00981nam0a2200265 4500
001 RU\NLR\BIBL_A\011815851
005 20260628175417.0
010 _a5-368-00313
_97000
035 _a(NLR Aleph) 011815851
090 _a13740377
_c13740377
100 _a20181009d1990 c y0rusy50 ca
101 0 _agag
102 _aMD
105 _aa z 000 y
200 1 _aСабансээрсын, гӱн!
_eпеетлӓр
_fМина Кӧсӓ
_g[худож. Я. Олийнык]
210 _aКишинев
_cЛит. артистикэ
_d1990
215 _a35,[1] с.
_cил.
_d23х14
541 1 _aДоброе утро, день!
_eстихи
_eдля мл. шк. возраста
_zrus
686 1 _aШ9(2)6=Г-5
700 1 _aКеся
_bМ. В.
_f1933-1999
_gМина Васильевич
_4070
702 1 _aОлийнык
_bЯ. М.
_gЯрослав Михайлович
_4440
852 _aNLR
_bОНЛ
_jГагауз./3-20
942 _cBOOK
980 _aNB